| 000 | 004720000a22001810004500 | ||
|---|---|---|---|
| 003 | MACL | ||
| 005 | 20150715150026.0 | ||
| 008 | 150715b xxu||||| |||| 00| 0 eng d | ||
| 040 |
_aMACL _cMACL |
||
| 041 | _aEnglish | ||
| 082 | _a329 | ||
| 100 |
_aPrashad, Jitendra _92225 |
||
| 245 |
_aCongress Varnika _b100 Years of The Indian National Congress |
||
| 260 |
_bMaya Enterprises _c1985 _aDelhi |
||
| 350 | _a125 | ||
| 650 |
_aPolitical Science _988 |
||
| 942 |
_cBK _k329 _2ddc |
||
| 999 |
_c6061 _d6061 |
||